Sports Quiz

Random Sports Quiz
Score 0/25 Timer 06:00
0 Plays Today
Year Player % Correct
2001Allen Iverson
94.1%
2003Allen Iverson
94.1%
2001Antoine Walker
52.9%
2002Antonie Walker
52.9%
2013Kemba Walker
52.9%
2014Kemba Walker
52.9%
2001Jerry Stackhouse
47.1%
2008Russell Westbrook
47.1%
2003Gilbert Arenas
41.2%
2003Jamal Crawford
35.3%
2004Jamal Crawford
35.3%
2014Jamal Crawford
35.3%
2003Jason Kidd
23.5%
Year Player % Correct
2003Baron Davis
23.5%
2003Quentin Richardson
23.5%
2005Baron Davis
23.5%
2009Brandon Jennings
23.5%
2010Brandon Jennings
23.5%
2012Brandon Jennings
23.5%
2013Brandon Jennings
23.5%
2000Larry Hughes
17.6%
2003Chauncey Billups
17.6%
2003Larry Hughes
17.6%
2004Kirk Hinrich
17.6%
2004Damon Stoudamire
11.8%
Remove Ads.
Support Sporcle.
Get the best of Sporcle when you Go Orange. This ad-free experience offers more features, more stats, and more fun while also helping to support Sporcle. Thank you for becoming a member.

You're not logged in!

Compare scores with friends on all Sporcle quizzes.
OR
Log In

Sporcle TV

Today on Sporcle TV


Watch our educational content, quiz creation guides, and fun videos on Sporcle TV.

Show Comments

Extras

Created Dec 12, 2015ReportNominate
Tags:2000, Averaged, less, Player, ppg, season, shot

Top Quizzes Today


Score Distribution

Paid Content

Your Account Isn't Verified!

In order to create a playlist on Sporcle, you need to verify the email address you used during registration. Go to your Sporcle Settings to finish the process.

Report this User

Report this user for behavior that violates our Community Guidelines.

Details: